| 000 | 00480nam a2200205Ia 4500 | ||
|---|---|---|---|
| 003 | OSt | ||
| 005 | 20140402112315.0 | ||
| 008 | 140130s9999 xx 000 0 und d | ||
| 020 | _a0516243632 | ||
| 050 |
_aHF 5429 _b.H523 2003 |
||
| 100 | _aHill, Mary | ||
| 245 |
_cMary Hill. _aSigns at store / |
||
| 260 |
_bScholastic, _c2003. _aUSA : |
||
| 300 |
_a24 p. : _bcol. ill. ; _c18 cm. |
||
| 440 | _v1 | ||
| 521 | _aBR | ||
| 526 | _cBR | ||
| 942 |
_cBK _2lcc |
||
| 999 |
_c41553 _d41553 |
||